[Event "2018 Server NA Class B Final, S81139"]
[Site "CCLA"]
[Date "2018.04.26"]
[Round "?"]
[White "Ruiz, Glenn"]
[Black "Shannon, Paul D."]
[Result "1/2-1/2"]
[WhiteElo "1772"]
[BlackElo "1718"]

1. Nf3 Nf6 2. g3 b5 3. b3 Bb7 4. Bb2 e6 5. Bg2 Be7 6. O-O O-O 7. d3 c5 8. 
c4 a6 9. Nbd2 d6 10. e4 Nc6 11. Qe2 e5 12. Nh4 Nd4 13. Bxd4 exd4 14. Nf5 
Re8 15. Nxe7+ Qxe7 16. f4 d5 17. e5 dxc4 18. bxc4 Bxg2 19. Kxg2 Nd7 20. 
Qf3 Rab8 21. Rab1 b4 22. Ne4 Rb6 23. Nd6 Reb8 24. Qd5 a5 25. Nb5 Nf8 26. 
Rfe1 Ne6 27. Qf3 Qb7 28. Qxb7 R6xb7 29. Kf3 Nc7 30. Nxc7 Rxc7 31. Ke4 Rd8 
32. g4 Rc6 33. Kf3 Kf8 34. h4 a4 35. Rb2 Rb6 36. f5 b3 37. a3 Re8 38. Re4 
Rb7 39. Kf4 h6 40. h5 Rb6 1/2-1/2

[Event "2018 Server NA Class B Final, S81139"]
[Site "CCLA"]
[Date "2018.04.26"]
[Round "?"]
[White "Ruiz, Glenn"]
[Black "Petty, Kirk D."]
[Result "1/2-1/2"]
[WhiteElo "1772"]
[BlackElo "1760"]

1. e4 c5 2. Nc3 Nc6 3. g3 g6 4. Bg2 Bg7 5. d3 d6 6. Nh3 Nf6 7. O-O O-O 8. 
f4 Bg4 9. Qd2 Nd4 10. Nf2 Bd7 11. Ne2 h5 12. c3 Nxe2+ 13. Qxe2 Rc8 14. h3 
b5 15. Be3 a5 16. Rac1 e6 17. d4 cxd4 18. Bxd4 Bc6 19. Rfd1 Qe7 20. e5 Nd5
21. Ne4 dxe5 22. fxe5 h4 23. Bc5 Qc7 24. Bd6 Qb6+ 25. Bc5 Qc7 26. Bd6 Qb6+
27. Bc5 Qc7 28. Bd6 Qb6+ 29. Bc5 1/2-1/2

[Event "2018 Server NA Class B Final, S81139"]
[Site "CCLA"]
[Date "2018.04.26"]
[Round "?"]
[White "Ruiz, Glenn"]
[Black "Siegfried, Will"]
[Result "1-0"]
[WhiteElo "1772"]
[BlackElo "1589"]

1. Nf3 f5 2. g3 Nf6 3. Bg2 g6 4. O-O Bg7 5. d4 O-O 6. c4 d6 7. Nc3 Qe8 8. 
d5 Na6 9. Rb1 Nc5 10. b4 Nce4 11. Nb5 Qd8 12. Bb2 e5 13. Nc3 Nxc3 14. Bxc3
Ne4 15. Ba1 Bd7 16. Qc2 Qe7 17. Nd2 Nxd2 18. Qxd2 a6 19. Rfc1 c6 20. c5 
Rf6 21. f4 cxd5 22. Bxd5+ Be6 23. fxe5 dxe5 24. Bxe5 Rf7 25. Bd6 Qd7 26. 
Rc2 Bxd5 27. Qxd5 Bf8 28. Rd1 Bxd6 29. cxd6 Rc8 30. Rxc8+ Qxc8 31. d7 Qd8 
32. Qxb7 1-0

[Event "2018 Server NA Class B Final, S81139"]
[Site "CCLA"]
[Date "2018.04.26"]
[Round "?"]
[White "Ruiz, Glenn"]
[Black "Perry, William E."]
[Result "1-0"]
[WhiteElo "1772"]
[BlackElo "1613"]

1. Nf3 d6 2. b4 e5 3. d3 f5 4. c4 Nf6 5. Nc3 e4 6. Nd2 exd3 7. exd3 Be7 8.
 g3 c6 9. Bg2 O-O 10. Nb3 d5 11. c5 Na6 12. a3 Nc7 13. O-O Bd7 14. Re1 g6 
15. Bh6 Re8 16. h3 Bf8 17. Qd2 Bxh6 18. Qxh6 Re7 19. Kf1 Qf8 20. Qxf8+ 
Kxf8 21. Rxe7 Kxe7 22. Re1+ Kf7 23. f4 Re8 24. Rxe8 Kxe8 25. Kf2 Ke7 26. 
Bf3 Kf7 27. Ke3 Ke6 28. Nd4+ Ke7 29. a4 b6 30. Nb3 bxc5 31. Nxc5 Ne6 32. 
Nxe6 Kxe6 33. Kd4 Kd6 34. Ne2 Be8 35. Nc1 Nd7 36. Nb3 Nb6 37. Nc5 Nd7 38. 
a5 Nxc5 39. bxc5+ Ke6 40. Ke3 Bf7 41. d4 Kd7 42. g4 Be6 43. Kf2 Ke7 44. 
Kg3 Kf6 45. Kh4 h6 46. g5+ hxg5+ 47. fxg5+ Ke7 48. Kg3 Bf7 49. Kf4 Ke6 50.
 Be2 Be8 51. Ba6 Bd7 52. h4 Be8 53. Bd3 Bf7 54. h5 gxh5 55. Bxf5+ Ke7 56. 
g6 Be8 57. Kg5 h4 58. Bh3 1-0

[Event "2018 Server NA Class B Final, S81139"]
[Site "CCLA"]
[Date "2018.04.26"]
[Round "?"]
[White "Ruiz, Glenn"]
[Black "Taylor, Bobby C."]
[Result "1/2-1/2"]
[WhiteElo "1772"]
[BlackElo "1800"]

1. Nf3 c5 2. g3 Nc6 3. Bg2 e5 4. O-O g6 5. c4 Bg7 6. Nc3 Nge7 7. d3 d6 8. 
Rb1 a5 9. a3 O-O 10. Bg5 Bg4 11. h3 Be6 12. e4 h6 13. Bd2 f5 14. Nd5 fxe4 
15. dxe4 Bd7 16. b4 axb4 17. axb4 Nxd5 18. cxd5 Nxb4 19. Bxb4 cxb4 20. 
Rxb4 b5 21. Qb3 Ra4 22. Rb1 Qc7 23. Ne1 Qa7 24. Qc2 Bf6 25. Nd3 Bd8 26. 
Kh2 Bb6 27. f4 Rxb4 28. Rxb4 exf4 29. Nxf4 Bg1+ 30. Kh1 Rc8 31. Qb2 Qf2 
32. Qxf2 Bxf2 33. Rb3 Rc1+ 34. Kh2 Bg1+ 35. Kh1 Be3+ 36. Kh2 Bg1+ 37. Kh1 
Bb6+ 38. Kh2 Bg1+ 1/2-1/2

[Event "2018 Server NA Class B Final, S81139"]
[Site "CCLA"]
[Date "2018.04.26"]
[Round "?"]
[White "Shannon, Paul D."]
[Black "Ruiz, Glenn"]
[Result "1-0"]
[WhiteElo "1718"]
[BlackElo "1772"]

1. e4 c6 2. d4 d5 3. e5 Bf5 4. Nf3 e6 5. Be2 Nd7 6. O-O h5 7. Nbd2 Ne7 8. 
c3 Ng6 9. Re1 Nf4 10. Bf1 Nd3 11. Re3 Nxc1 12. Rxc1 Be7 13. b4 a6 14. Nb3 
g5 15. Re1 g4 16. Nfd2 Bg5 17. c4 Qb6 18. a3 O-O 19. cxd5 cxd5 20. Nc5 
Nxc5 21. Rxc5 Rac8 22. Nb3 Qd8 23. Bd3 Bg6 24. Bxg6 fxg6 25. Qc2 Kf7 26. 
Rf1 Be7 27. Rxc8 Qxc8 28. Rc1 Qb8 29. Qc7 Qa7 30. Nc5 Rb8 31. a4 Qa8 32. 
Qd7 1-0

[Event "2018 Server NA Class B Final, S81139"]
[Site "CCLA"]
[Date "2018.04.26"]
[Round "?"]
[White "Shannon, Paul D."]
[Black "Petty, Kirk D."]
[Result "0-1"]
[WhiteElo "1718"]
[BlackElo "1760"]

1. e4 c5 2. Nc3 Nc6 3. g3 d6 4. Bg2 g6 5. d3 Bg7 6. f4 Nf6 7. Nf3 O-O 8. 
O-O Rb8 9. h3 Bd7 10. Be3 Qc8 11. Kh2 b5 12. Qc1 Ne8 13. Ne2 a5 14. Rb1 
Nf6 15. g4 h6 16. Ng3 Qc7 17. c3 b4 18. c4 a4 19. g5 hxg5 20. fxg5 Nh7 21.
 Qd2 a3 22. b3 Ne5 23. d4 Nxf3+ 24. Bxf3 cxd4 25. Bxd4 Bxd4 26. Qxd4 Nxg5 
27. Bg2 Ne6 28. Qd2 Qc5 29. Rbd1 Bc6 30. Qh6 Qg5 31. Qxg5 Nxg5 32. h4 Ne6 
33. Rf2 Ba8 34. h5 Kg7 35. hxg6 fxg6 36. Re2 Rh8+ 37. Kg1 Nf4 38. Red2 Bc6
39. Re1 Rh4 40. Kf2 Nxg2 41. Kxg2 Rbh8 42. Kf3 Rf8+ 43. Ke3 Rff4 44. Kd3 
Rh3 45. Re3 Kf7 46. Rde2 Rg4 47. Rf2+ Ke6 48. Rff3 Kd7 49. Ke2 Rh2+ 50. 
Rf2 Rgh4 51. Rf3 Rxf2+ 52. Rxf2 Bxe4 53. Nxe4 Rxe4+ 54. Kf3 Rh4 55. Rg2 
Rh3+ 56. Kg4 Rh1 0-1

[Event "2018 Server NA Class B Final, S81139"]
[Site "CCLA"]
[Date "2018.04.26"]
[Round "?"]
[White "Shannon, Paul D."]
[Black "Siegfried, Will"]
[Result "1-0"]
[WhiteElo "1718"]
[BlackElo "1589"]

1. e4 e6 2. d3 d5 3. Nd2 c5 4. Ngf3 Nc6 5. g3 Bd6 6. Bg2 Nge7 7. O-O O-O 
8. Re1 Bd7 9. c3 dxe4 10. Nxe4 Nc8 11. Be3 b6 12. d4 cxd4 13. Nxd4 Bc7 14.
 Bg5 Qe8 15. Nb5 Bb8 16. Bf6 N6e7 17. Ned6 Nxd6 18. Nxd6 Bxd6 19. Bxa8 
Qxa8 20. Bxe7 Bxe7 21. Qxd7 Bf6 22. Rad1 Rd8 23. Qa4 Re8 24. Rd7 a6 25. 
Ra7 Qd8 26. Rd1 Qc8 27. Qxa6 Qxa6 28. Rxa6 Rb8 29. Rd7 Bd8 30. Raa7 1-0

[Event "2018 Server NA Class B Final, S81139"]
[Site "CCLA"]
[Date "2018.04.26"]
[Round "?"]
[White "Shannon, Paul D."]
[Black "Perry, William E."]
[Result "1-0"]
[WhiteElo "1718"]
[BlackElo "1613"]

1. e4 d5 2. exd5 Qxd5 3. Nc3 Qd6 4. Nf3 Nf6 5. d4 c6 6. Ne5 Nbd7 7. Bf4 
Nd5 8. Bg3 Nxc3 9. bxc3 Nxe5 10. Bxe5 Qa3 11. d5 Qa5 12. Bc4 f6 13. Qf3 
cxd5 14. Bxd5 fxe5 15. Bf7+ Kd8 16. Rd1+ Kc7 17. Qd3 Kb8 18. O-O g6 19. 
Qc4 Bg7 20. Rd5 Qc7 21. Rc5 Qb6 22. Rb5 Qd6 23. Rfb1 b6 24. Rd5 Qf6 25. 
Rc5 Rf8 26. Bd5 Qxf2+ 27. Kh1 Bb7 28. Bxb7 Kxb7 29. Rc7+ Kb8 30. Rxe7 1-0

[Event "2018 Server NA Class B Final, S81139"]
[Site "CCLA"]
[Date "2018.04.26"]
[Round "?"]
[White "Shannon, Paul D."]
[Black "Taylor, Bobby C."]
[Result "0-1"]
[WhiteElo "1718"]
[BlackElo "1800"]

1. e4 c5 2. Nc3 Nc6 3. g3 g6 4. Bg2 Bg7 5. d3 d6 6. f4 e5 7. Nh3 exf4 8. 
Nxf4 Nge7 9. O-O O-O 10. Ncd5 Nxd5 11. Nxd5 Be6 12. Nf4 Bd7 13. c3 b5 14. 
Be3 Ne5 15. h3 a5 16. Qe2 Re8 17. Rad1 Rc8 18. Qf2 Bc6 19. Kh2 b4 20. c4 
Qe7 21. b3 Nd7 22. Bc1 Ra8 23. Bb2 Bxb2 24. Qxb2 a4 25. h4 Ne5 26. Bh3 
axb3 27. axb3 Ra3 28. Ra1 Rea8 29. Rxa3 Rxa3 30. Ra1 Qa7 31. Rxa3 bxa3 32.
 Qa2 Qa5 33. g4 Qd2+ 0-1

[Event "2018 Server NA Class B Final, S81139"]
[Site "CCLA"]
[Date "2018.04.26"]
[Round "?"]
[White "Petty, Kirk D."]
[Black "Ruiz, Glenn"]
[Result "1-0"]
[WhiteElo "1760"]
[BlackElo "1772"]

1. c4 e5 2. g3 Nc6 3. Bg2 Nf6 4. Nc3 g6 5. e4 Bg7 6. Nge2 d6 7. O-O O-O 8.
 d3 Be6 9. Nd5 Ne8 10. b3 Qd7 11. Bb2 Bh3 12. Bxh3 Qxh3 13. f4 f5 14. exf5
gxf5 15. fxe5 Bxe5 16. Bxe5 dxe5 17. d4 Qh6 18. dxe5 Qe6 19. Re1 Qxe5 20. 
Nef4 Qd4+ 21. Kg2 Rf7 22. Ne7+ Kh8 23. Nxc6 Qxd1 24. Raxd1 bxc6 25. Re5 
Nd6 26. Rc5 a5 27. Rxc6 a4 28. b4 Re7 29. b5 a3 30. b6 1-0

[Event "2018 Server NA Class B Final, S81139"]
[Site "CCLA"]
[Date "2018.04.26"]
[Round "?"]
[White "Petty, Kirk D."]
[Black "Shannon, Paul D."]
[Result "1-0"]
[WhiteElo "1760"]
[BlackElo "1718"]

1. d4 f5 2. c4 Nf6 3. Nc3 e6 4. Nf3 d5 5. Bf4 c6 6. e3 Be7 7. Bd3 O-O 8. 
O-O Qe8 9. Rc1 Ne4 10. Qb3 Nd7 11. cxd5 exd5 12. Nxe4 fxe4 13. Bxe4 Nf6 
14. Bd3 Kh8 15. Qc2 Bd7 16. Ne5 Be6 17. h3 Bg8 18. a3 Nd7 19. Nf3 Rc8 20. 
Qe2 Qh5 21. Qd1 Nf6 22. Be2 Qe8 23. Ne5 Be6 24. Bd3 Rg8 25. g4 g5 26. Bh2 
h5 27. Kg2 hxg4 28. hxg4 Kg7 29. Bg6 Qd8 30. Qd3 Rh8 31. Bf5 Bxf5 32. Qxf5
Qe8 33. Qxg5+ 1-0

[Event "2018 Server NA Class B Final, S81139"]
[Site "CCLA"]
[Date "2018.04.26"]
[Round "?"]
[White "Petty, Kirk D."]
[Black "Siegfried, Will"]
[Result "1-0"]
[WhiteElo "1760"]
[BlackElo "1589"]

1. c4 f5 2. g3 Nf6 3. Bg2 e5 4. d4 exd4 5. Qxd4 Nc6 6. Qe3+ Be7 7. Nc3 O-O
8. Nh3 d6 9. Nf4 Re8 10. Nfd5 Bd7 11. O-O Nxd5 12. Nxd5 Bf8 13. Qd2 g6 14.
 b3 Bg7 15. Rb1 Rb8 16. Bb2 Ne7 17. Bxg7 Kxg7 18. Qc3+ Kg8 19. Nf6+ Kf7 
20. Nxe8 Qxe8 21. Rbe1 c6 22. e4 Qf8 23. Qd2 1-0

[Event "2018 Server NA Class B Final, S81139"]
[Site "CCLA"]
[Date "2018.04.26"]
[Round "?"]
[White "Petty, Kirk D."]
[Black "Perry, William E."]
[Result "1-0"]
[WhiteElo "1760"]
[BlackElo "1613"]

1. c4 e5 2. g3 d6 3. Bg2 f5 4. Nc3 Nf6 5. d4 Be7 6. Nf3 e4 7. Ng5 c6 8. h4
O-O 9. O-O Na6 10. Nh3 Nc7 11. d5 c5 12. Nf4 Bd7 13. f3 exf3 14. exf3 Be8 
15. Re1 Nh5 16. Nce2 Nxf4 17. Nxf4 Bd7 18. Rb1 Bf6 19. b3 Re8 20. Bb2 Bxb2
21. Rxb2 Qf6 22. Rbe2 Rxe2 23. Rxe2 Re8 24. Rxe8+ Nxe8 25. Bf1 Qe5 26. Qe2
Qxe2 27. Bxe2 Kf7 28. Ng2 Kf6 29. Kf2 g6 30. Ke3 a6 31. Nf4 b5 32. Nh3 Ke7
33. g4 Ng7 34. Nf2 fxg4 35. fxg4 Kf6 36. Ne4+ Ke7 37. Kf4 h6 38. g5 hxg5+ 
39. Kxg5 Be8 40. Nf6 Bf7 41. Bd3 1-0

[Event "2018 Server NA Class B Final, S81139"]
[Site "CCLA"]
[Date "2018.04.26"]
[Round "?"]
[White "Petty, Kirk D."]
[Black "Taylor, Bobby C."]
[Result "0-1"]
[WhiteElo "1760"]
[BlackElo "1800"]

1. Nf3 c5 2. g3 Nc6 3. Bg2 e5 4. e4 g6 5. d3 Bg7 6. Nc3 Nge7 7. Nd2 d6 8. 
O-O O-O 9. Nc4 Be6 10. Nd5 b5 11. Nce3 Rb8 12. c3 Bc8 13. f4 exf4 14. gxf4
Nxd5 15. Nxd5 Ne7 16. Nxe7+ Qxe7 17. d4 cxd4 18. cxd4 Bb7 19. Qd3 Rbc8 20.
 Be3 Bxe4 21. Bxe4 Rce8 22. Bc6 Qxe3+ 23. Qxe3 Rxe3 24. Rae1 Bxd4 25. Rxe3
Bxe3+ 26. Kg2 Rc8 27. Bxb5 Rc2+ 28. Kf3 Rxb2 29. a4 Bc5 30. Kg3 h5 31. Rd1
a5 32. Rd3 Kg7 33. Rd1 Be3 34. Rxd6 Rb4 35. Rd7 Bxf4+ 0-1

[Event "2018 Server NA Class B Final, S81139"]
[Site "CCLA"]
[Date "2018.04.26"]
[Round "?"]
[White "Siegfried, Will"]
[Black "Ruiz, Glenn"]
[Result "0-1"]
[WhiteElo "1589"]
[BlackElo "1772"]

1. e4 c6 2. d4 d5 3. e5 Bf5 4. Nf3 e6 5. Be2 Nd7 6. O-O h5 7. Nbd2 Ne7 8. 
Nh4 g5 9. Nxf5 Nxf5 10. c3 g4 11. f3 Ne3 12. Qe1 Nxf1 13. Qxf1 f5 14. exf6
Nxf6 15. fxg4 hxg4 16. Qf4 Bd6 17. Qg5 Bxh2+ 18. Kf1 Rf8 19. Qg6+ Kd7 20. 
Ke1 Qe8 21. Qd3 Bf4 22. Nf1 Bxc1 23. Rxc1 Rg8 24. Kd2 Qg6 25. Qxg6 Rxg6 
26. Bd3 Rh6 27. Ne3 Rf8 28. Kc2 g3 29. Rf1 Rhh8 30. Rf3 Nh5 0-1

[Event "2018 Server NA Class B Final, S81139"]
[Site "CCLA"]
[Date "2018.04.26"]
[Round "?"]
[White "Siegfried, Will"]
[Black "Shannon, Paul D."]
[Result "1-0"]
[WhiteElo "1589"]
[BlackElo "1718"]

1. e4 c6 2. d4 d5 3. e5 Bf5 4. Nf3 e6 5. Be2 c5 6. c3 Nc6 7. O-O Bg4 8. 
Nbd2 cxd4 9. cxd4 Nge7 10. h3 Bxf3 11. Nxf3 Nf5 12. g4 Nh4 13. Be3 Nxf3+ 
14. Bxf3 Qb6 15. Rb1 Nxd4 16. Bxd4 1-0

[Event "2018 Server NA Class B Final, S81139"]
[Site "CCLA"]
[Date "2018.04.26"]
[Round "?"]
[White "Siegfried, Will"]
[Black "Petty, Kirk D."]
[Result "0-1"]
[WhiteElo "1589"]
[BlackElo "1760"]

1. e4 g6 2. d4 Bg7 3. Nc3 d6 4. Be3 a6 5. a4 b6 6. Qd2 Nd7 7. h4 h5 8. Nf3
e6 9. Bd3 Ne7 10. Ng5 Bb7 11. f4 c5 12. dxc5 bxc5 13. Nf3 d5 14. exd5 Nxd5
15. Nxd5 Bxd5 16. c3 O-O 17. Qf2 c4 18. Bb1 Qc7 19. O-O Rab8 20. Ng5 Nf6 
21. Bd4 Ng4 22. Qd2 Rfd8 23. Be4 Bxe4 24. Nxe4 Bxd4+ 25. cxd4 Qb6 26. Nc5 
Qxc5 0-1

[Event "2018 Server NA Class B Final, S81139"]
[Site "CCLA"]
[Date "2018.04.26"]
[Round "?"]
[White "Siegfried, Will"]
[Black "Perry, William E."]
[Result "0-1"]
[WhiteElo "1589"]
[BlackElo "1613"]

1. e4 d5 2. exd5 Qxd5 3. Nc3 Qd6 4. Nf3 Nf6 5. d4 c6 6. Bc4 Bg4 7. Be3 
Nbd7 8. h3 Bh5 9. g4 Bg6 10. Qd2 e6 11. O-O-O Qb4 12. Bb3 Qa5 13. a3 Be7 
14. Ne5 Nxe5 15. dxe5 Qxe5 16. Bf4 Qa5 17. g5 Nd5 18. Nxd5 Qxd2+ 19. Rxd2 
cxd5 20. h4 O-O 21. f3 Bh5 22. Rd3 a6 23. Bd2 Bg6 24. Rc3 Rac8 25. Rxc8 
Rxc8 26. h5 Bf5 27. h6 g6 28. f4 Bd8 29. Be3 b5 30. Rd1 a5 31. a4 bxa4 32.
 Bxa4 Rc4 33. Bb3 Re4 34. Bd2 a4 35. Ba2 Bc7 36. Rf1 Re2 37. Rf3 Rh2 38. 
Kd1 Bg4 0-1

[Event "2018 Server NA Class B Final, S81139"]
[Site "CCLA"]
[Date "2018.04.26"]
[Round "?"]
[White "Siegfried, Will"]
[Black "Taylor, Bobby C."]
[Result "0-1"]
[WhiteElo "1589"]
[BlackElo "1800"]

1. e4 c5 2. Nf3 d6 3. d4 cxd4 4. Nxd4 Nf6 5. Nc3 g6 6. f3 Bg7 7. Be3 Nc6 
8. Qd2 Bd7 9. O-O-O Rc8 10. Bh6 Bxh6 11. Qxh6 Nxd4 12. Rxd4 Qa5 13. Bc4 
Qe5 14. Rhd1 g5 15. Qg7 Rf8 16. g3 Rxc4 17. Rxc4 Rg8 18. f4 Qa5 0-1

[Event "2018 Server NA Class B Final, S81139"]
[Site "CCLA"]
[Date "2018.04.26"]
[Round "?"]
[White "Perry, William E."]
[Black "Ruiz, Glenn"]
[Result "0-1"]
[WhiteElo "1613"]
[BlackElo "1772"]

1. d4 c5 2. d5 Nf6 3. Nc3 d6 4. e4 g6 5. Nf3 Bg7 6. Be2 O-O 7. O-O e6 8. 
Nd2 exd5 9. exd5 a6 10. a4 Nbd7 11. Nc4 Nb6 12. Ne3 Re8 13. Bf3 Nbd7 14. 
Nc4 Ne5 15. Nxe5 Rxe5 16. Re1 Rxe1+ 17. Qxe1 Bf5 18. Ne4 Qd7 19. Nxf6+ 
Bxf6 20. c3 Re8 21. Qf1 Be4 22. Bxe4 Rxe4 23. c4 Bd4 24. Ra2 Qe7 25. Bd2 
Re2 26. Be3 Rxb2 27. Rxb2 Bxb2 28. Qb1 Be5 29. g3 h5 30. Kf1 Qd7 31. Qb3 
h4 32. Kg2 h3+ 33. Kf3 f6 34. Ke2 g5 35. Kd2 g4 36. Ke2 f5 37. Bd2 Qe7 38.
 Kf1 Bd4 39. Qd3 Qd7 40. Qb3 Kf7 41. Bf4 Qc7 42. Qd3 Qd7 43. Qc2 Kf6 44. 
Qd1 b5 45. axb5 axb5 46. cxb5 Qxb5+ 47. Ke1 Bc3+ 48. Bd2 Bxd2+ 49. Qxd2 
Qb4 0-1

[Event "2018 Server NA Class B Final, S81139"]
[Site "CCLA"]
[Date "2018.04.26"]
[Round "?"]
[White "Perry, William E."]
[Black "Shannon, Paul D."]
[Result "1-0"]
[WhiteElo "1613"]
[BlackElo "1718"]

1. d4 Nf6 2. Bf4 d5 3. e3 e6 4. Nd2 Be7 5. Bd3 b6 6. Qe2 O-O 7. Ngf3 c5 8.
 c3 a5 9. Ne5 Ba6 10. Bxa6 Nxa6 11. Nc6 Qd7 12. Nxe7+ Qxe7 13. O-O Qb7 14.
 h3 cxd4 15. exd4 b5 16. Nf3 b4 17. cxb4 Nxb4 18. a3 Nc6 19. Rfc1 Rfc8 20.
 Rc2 Ne4 21. Be3 h6 22. Rac1 Ne7 23. Ne5 Rxc2 24. Rxc2 Rc8 25. Rxc8+ Nxc8 
26. f3 Ng3 27. Qc2 Nf5 28. Bf2 Nce7 29. g4 Nd6 30. Kg2 f6 31. Nd3 Nc4 32. 
f4 g5 33. fxg5 hxg5 34. b4 Nxa3 35. Qa4 axb4 36. Qe8+ Kg7 37. Nc5 1-0

[Event "2018 Server NA Class B Final, S81139"]
[Site "CCLA"]
[Date "2018.04.26"]
[Round "?"]
[White "Perry, William E."]
[Black "Petty, Kirk D."]
[Result "0-1"]
[WhiteElo "1613"]
[BlackElo "1760"]

1. d4 Nf6 2. Bf4 g6 3. Nc3 Bg7 4. e4 d6 5. Qd2 c6 6. Bd3 Nbd7 7. Nf3 O-O 
8. O-O-O e5 9. dxe5 dxe5 10. Nxe5 Nxe5 11. Bxe5 Nxe4 12. Nxe4 Bxe5 13. g3 
Be6 14. a3 Bg4 15. Rde1 Qb6 16. Nc3 Bg7 17. Re4 Bf3 18. Rb4 Qd8 19. Re1 c5
20. Rc4 b6 21. Be4 Qxd2+ 22. Kxd2 Bh6+ 23. Re3 Bxe3+ 24. fxe3 Bxe4 0-1

[Event "2018 Server NA Class B Final, S81139"]
[Site "CCLA"]
[Date "2018.04.26"]
[Round "?"]
[White "Perry, William E."]
[Black "Taylor, Bobby C."]
[Result "0-1"]
[WhiteElo "1613"]
[BlackElo "1800"]

1. d4 Nf6 2. Bf4 g6 3. Nc3 d5 4. e3 Bg7 5. h4 c6 6. h5 Nxh5 7. Rxh5 gxh5 
8. Qxh5 Nd7 9. Qh2 Nf8 10. Bc7 Qd7 11. Nf3 Ng6 12. O-O-O h5 13. Bd3 Qg4 
14. Be2 h4 15. Ne5 Qf5 16. Bd3 Qxf2 17. Rf1 Qxe3+ 0-1

[Event "2018 Server NA Class B Final, S81139"]
[Site "CCLA"]
[Date "2018.04.26"]
[Round "?"]
[White "Taylor, Bobby C."]
[Black "Ruiz, Glenn"]
[Result "1-0"]
[WhiteElo "1800"]
[BlackElo "1772"]

1. d4 c5 2. d5 Nf6 3. c4 g6 4. Nc3 Bg7 5. e4 d6 6. Be2 O-O 7. Bg5 h6 8. 
Be3 b5 9. cxb5 a6 10. a4 Qa5 11. f3 axb5 12. Bxb5 Ba6 13. Bd2 Bxb5 14. 
Nxb5 Qb6 15. Ne2 Na6 16. Nec3 Nb4 17. Be3 Nd7 18. O-O Ne5 19. Qe2 f5 20. 
exf5 gxf5 21. Rfd1 Rf7 22. b3 Ra5 23. Na2 Ned3 24. Nxb4 Nxb4 25. Rab1 Ra8 
26. Qd2 Qd8 27. Bxh6 Qf8 28. Bxg7 Qxg7 29. Rbc1 f4 30. Rc4 Qg5 31. Nc7 
Raf8 32. Ne6 Qh4 33. Nxf8 Kxf8 34. g3 Qh5 35. Rxf4 Ke8 36. g4 Rg7 37. Qe2 
Kd8 38. Qb5 Kc7 39. Rxb4 1-0

[Event "2018 Server NA Class B Final, S81139"]
[Site "CCLA"]
[Date "2018.04.26"]
[Round "?"]
[White "Taylor, Bobby C."]
[Black "Shannon, Paul D."]
[Result "1-0"]
[WhiteElo "1800"]
[BlackElo "1718"]

1. d4 Nf6 2. c4 c5 3. d5 b5 4. Qc2 d6 5. e4 g6 6. cxb5 Bg7 7. Nf3 O-O 8. 
Nc3 a6 9. a4 axb5 10. Bxb5 Na6 11. O-O Nb4 12. Qe2 Bd7 13. Rd1 Bxb5 14. 
Nxb5 Qd7 15. Bd2 Na6 16. Ba5 Rfb8 17. Nd2 Rb7 18. Nc4 Rab8 19. f4 Ne8 20. 
e5 Nac7 21. Bxc7 Nxc7 22. Nxc7 Qxc7 23. Rd2 Rb4 24. a5 Qa7 25. a6 h6 26. 
Ra3 Rb3 27. Ra2 Ra8 28. g3 Qd7 29. Kg2 h5 30. Na5 Rb6 31. Nc4 Rbxa6 32. 
Rxa6 Rxa6 33. Nxd6 Ra8 34. Nxf7 Qf5 35. Ng5 Bh6 36. Nf3 Ra1 37. d6 1-0

[Event "2018 Server NA Class B Final, S81139"]
[Site "CCLA"]
[Date "2018.04.26"]
[Round "?"]
[White "Taylor, Bobby C."]
[Black "Siegfried, Will"]
[Result "1-0"]
[WhiteElo "1800"]
[BlackElo "1589"]

1. d4 e6 2. c4 d5 3. Nc3 c6 4. e3 Nd7 5. Nf3 f5 6. Qc2 Ngf6 7. Be2 g6 8. 
cxd5 exd5 9. Bd2 Bg7 10. b4 O-O 11. O-O Ne8 12. b5 Ndf6 13. bxc6 bxc6 14. 
Ne5 Qc7 15. Rfc1 Nd6 16. Nb5 Nxb5 17. Bxb5 Bb7 18. Nxc6 Rfc8 19. Qb3 Bf8 
20. Nxa7 Qxc1+ 21. Rxc1 Rxc1+ 22. Bxc1 Rxa7 23. a4 Bd6 24. Ba3 Bxa3 25. 
Qxa3 1-0

[Event "2018 Server NA Class B Final, S81139"]
[Site "CCLA"]
[Date "2018.04.26"]
[Round "?"]
[White "Taylor, Bobby C."]
[Black "Perry, William E."]
[Result "1-0"]
[WhiteElo "1800"]
[BlackElo "1613"]

1. d4 Nf6 2. c4 d6 3. Nc3 Nbd7 4. e4 e5 5. d5 Nc5 6. Qc2 a5 7. h3 Be7 8. 
Be3 O-O 9. Nf3 b6 10. Be2 Bd7 11. g4 a4 12. O-O-O Qc8 13. g5 Ne8 14. h4 c6
15. h5 cxd5 16. Nxd5 Bd8 17. Nh4 Bg4 18. Nf5 Bxf5 19. exf5 Nc7 20. Nxb6 
1-0

[Event "2018 Server NA Class B Final, S81139"]
[Site "CCLA"]
[Date "2018.04.26"]
[Round "?"]
[White "Taylor, Bobby C."]
[Black "Petty, Kirk D."]
[Result "1-0"]
[WhiteElo "1800"]
[BlackElo "1760"]

1. d4 Nf6 2. c4 g6 3. Nc3 Bg7 4. e4 d6 5. Be2 O-O 6. Bg5 Na6 7. Qd2 Qe8 8.
 f3 e5 9. d5 Nh5 10. Bd1 f5 11. Nge2 f4 12. Ba4 Qf7 13. Bh4 Nc5 14. Bc2 a5
15. Nb5 Nf6 16. O-O-O b6 17. Rdg1 Ba6 18. Nec3 Nh5 19. Be1 Qd7 20. Kb1 Rf7
21. Bd1 Raf8 22. g3 fxg3 23. hxg3 Qd8 24. Qh2 Nd3 25. g4 Nxe1 26. Rxe1 Nf6
27. f4 exf4 28. e5 dxe5 29. g5 Nh5 30. Bxh5 gxh5 31. Qxh5 Re8 32. Qxh7+ 
Kf8 33. g6 Rf5 34. Ne4 f3 35. Rhf1 Bxb5 36. Re3 Re7 37. Rexf3 Rxf3 38. 
Rxf3+ Ke8 39. b3 {Black forfeited} 1-0